00651nam a2200193Ia 4500003000900000008004100009020001800050040001600068080001500084100001800099245011100117260004200228300001400270650003200284650001900316942000700335999001500342952010000357IN-BaIIA211028s9999 xx 000 0 eng d a0-19-859613-8 cIIA Library a517bPAG-2 aPage, A99519 0aMathematical analysis and techniquesbvol. 2cA. Page  aLondonbOxford University Pressc1974 aix, 298p. aMathematical analysis93063 aNASA Thesaurus cBK c5481d5481 00104070aBANbBANcGENd1977-05-10l0o517/ PAG-2p6129r2021-11-05w1977-05-10yBKG£ 2.50